| 000 | 01178nam a22003017a 4500 | ||
|---|---|---|---|
| 005 | 20240530110501.0 | ||
| 008 | 150704s2013 jo g b 000 0 ara d | ||
| 017 |
_a2012/7/2420 _bالاردن . دائرة المكتبات الوطنية |
||
| 020 | _a9789957761318 | ||
| 040 | _aEG-CaGPL | ||
| 082 | 0 | 4 |
_221 _a953\ _bع ب |
| 100 | _aعصام سخنيني | ||
| 245 | 1 | 0 |
_aبحوث فى التاريخ العربى الاسلامى : _bرؤية معاصرة للتاريخ / _cعصام سخنيني |
| 250 | _aط1 | ||
| 260 |
_aعمان : _bالرضوان للنشر والتوزيع ، _c2013 . |
||
| 300 |
_a351 + 39 ص ؛ _c24 سم |
||
| 504 | _aببليوجرافية : ص 337 - 350 | ||
| 600 | 0 | 4 |
_aابن خلدون _xالتاريخ الاسلامى |
| 600 | 0 | 4 |
_aاليعقوبى _xالتاريخ الاسلامى |
| 650 | 0 | 4 | _aالتاريخ الاسلامى |
| 650 | 0 | 4 | _aالمعتزله |
| 650 | 0 | 4 | _aاهل الذمة |
| 650 | 0 | 4 | _aالشيعه |
| 650 | 0 | 4 |
_aالعالم العربى _xتاريخ _yعصر صدر الاسلام |
| 650 | 0 | 4 |
_aالعالم العربى _xتاريخ |
| 942 |
_2ddc _cBK |
||
| 999 |
_c61475 _d61475 |
||